000 00205 a2200097 4500
001 8283
090 _c6662
_d6662
100 _aHouston, C
245 _aK2 The savage Mountain (Transfered to SOA)
260 _bCollins
942 _aNUST-CAE
999 _c243356
_d243356